000 00493nam a2200193Ia 4500
003 GCL
008 140319s9999 xx 000 0 eng d
040 _aGCL /
_cGCL
082 0 4 _a660
_bA E
100 1 _aAGARWAL, O. P.
245 1 0 _aENGINEERING CHEMISTRY /
_cAGARWAL, O. P.
260 _a[S.N] :
_bKHANNA PUBLISHERS ،
_c1993
300 _a974\P
650 0 4 _aالتحليل الرياضى
650 0 4 _aTHERMODYNAMICS
650 0 4 _aCHEMISTRY
650 0 4 _aELEMENTS
942 _2ddc
_cBK
999 _c20127
_d20127